Taylor Swift - Insultes dans les chansons - Statistiques

Statistiques générales
  • Ce quiz a été pris 944 fois
    495 depuis la dernière actualisation
  • Le résultat moyen est 4 sur 9
Statistiques - réponses
Hint Réponse % Correct
25 Fuck / Fucking / Fucked
93%
21 Shit
72%
7 Bitch / Bitching
66%
4 Slut
54%
17 Damn / Damned
41%
1 Whore
19%
15 Hell
15%
5 Goddamn
8%
1 Dickhead
6%
Aucun quiz correspondant
Distribution des résultats
% des personnes avec chaque résultat
Percentile par nombre de réponses
Votre historique - résultats
Vous n’avez pas pris ce quiz depuis la dernière actualisation